00647nam a2200157Ia 4500008004100000100002500041245006800066245011300134260005300247260000900300300001200309650001500321856006100336999001900397952007300416170221s9999 xx 000 0 und d aAlexey I. Shinkevich aEconomic Aspects of Risk Management of Stakeholders Activities  cAlexey I. Shinkevich, Alsu A. Lubnina, Alexey G. Koryakov, Vladimir G. Mikhailov, Ekaterina L. Vodolazhskaya bInternational Review of Management and Marketing c2016 a15 : 16 xMarketing. uhttp://www.econjournals.com/index.php/irmm/issue/view/72 c312005d312005 001040aCLbCLd2017-02-21l0r2017-02-21 00:00:00w2017-02-21yFOJ